{"text_format":"2","workbook":"xlsx","n_sheets":3,"sheets":["Sheet1","Sheet2","Sheet3"],"not_rendered":{"charts":0,"images":0,"macros":0,"external_links":0,"defined_names":0,"comments":0,"pivot_tables":0},"unopened":[],"bounds":{"document_bytes":16777216,"sheet_cells":100000,"run_cost":"one","rows_first":2000,"rows_last":500,"rows_between":2000,"halvings":0,"cell_chars":16384,"cell_head_chars":4096},"cells_cut":0,"cells_raw":0,"read":"whole","date_system":"1900"}

{"sheet":"Sheet1","index":0,"n_rows":25,"n_cols":12,"rows_kept":25,"cut":false,"hidden":false,"merged":[]}
["date","billNo","salesName","buName","invNo","invName","unit","location","qty","unitPrice","amount","description"]
["2015-11-30","XS20151130001","李布斯","恒升电子有限公司","10.1100.001","节能灯","箱","徐泾",100,400,40000]
["2016-01-05","XS20160105001","李布斯","恒升电子有限公司","10.1100.001","节能灯","箱","徐泾",200,800,160000]
["2016-01-05","XS20160105002","李布斯","双利电子有限公司","20.1100.001","节能灯生产系统","套","徐泾",1,230000,230000]
["2016-03-06","XS20160306001","李布斯","汇通商贸有限公司","10.1100.001","节能灯","箱","陆家嘴",50,400,20000]
["2016-03-06","XS20160306001","李布斯","汇通商贸有限公司","10.1100.002","吸顶灯","套","陆家嘴",200,400,80000]
["2016-03-06","XS20160306001","李布斯","汇通商贸有限公司","10.1100.003","LED灯线","米","陆家嘴",5000,2,10000]
["2016-04-02","XS20160402001","李布斯","汇通商贸有限公司","10.1100.004","LED球泡灯","箱","陆家嘴",40,1000,40000]
["2016-04-02","XS20160402001","李布斯","汇通商贸有限公司","10.1100.001","节能灯","箱","陆家嘴",100,400,40000]
["2016-04-02","XS20160402001","李布斯","汇通商贸有限公司","10.1100.001","节能灯","箱","陆家嘴",100,400,40000]
["2016-04-02","XS20160402001","李布斯","宏伟电子有限公司","10.2100.003","包装泡棉","公斤","陆家嘴",100,5,500]
["2016-04-11","XS20160411001","李布斯","宏伟电子有限公司","10.2100.003","包装泡棉","公斤","陆家嘴",210,5,1050]
["2016-04-11","XS20160411001","李布斯","宏伟电子有限公司","10.2100.002","表层覆膜纸","公斤","陆家嘴",180,5,900]
["2016-04-11","XS20160411001","李布斯","宏伟电子有限公司","10.2100.002","表层覆膜纸","公斤","陆家嘴",900,5,4500]
["2016-04-11","XS20160411002","李布斯","宏伟电子有限公司","10.2100.002","表层覆膜纸","公斤","陆家嘴",300,5,1500]
["2016-04-20","XS20160420001","李布斯","北皇科技有限公司","20.4100.002","LED双色灯管","箱","张江",60,500,30000]
["2016-04-22","XS20160422001","李布斯","北皇科技有限公司","20.4100.002","LED单色灯管","箱","张江",100,300,30000]
["2016-04-22","XS20160422001","李布斯","北皇科技有限公司","20.4100.003","LED双色灯管","箱","张江",80,500,40000]
["2016-04-22","XS20160422001","李布斯","北皇科技有限公司","20.4100.004","LED双色灯管出口规格","箱","张江",60,500,30000]
["2016-04-22","XS20160422001","李布斯","北皇科技有限公司","20.4100.005","LED双色灯管","箱","张江",100,500,50000]
["2016-04-22","XS20160422001","李布斯","北皇科技有限公司","20.4100.006","LED双色灯管","箱","张江",30,500,15000]
["2016-04-22","XS20160422001","李布斯","北皇科技有限公司","20.4100.007","LED双色灯管","箱","张江",10,500,5000]
["2016-04-22","XS20160422001","李布斯","北皇科技有限公司","20.4100.008","LED双色灯管","箱","张江",300,500,150000]
["2016-04-22","XS20160422001","李布斯","北皇科技有限公司","20.4100.009","LED双色灯管","箱","张江",10,500,5000]
["2016-04-22","XS20160422001","李布斯","北皇科技有限公司","20.4100.010","LED双色灯管","箱","张江",10,500,5000]

{"sheet":"Sheet2","index":1,"n_rows":0,"n_cols":0,"rows_kept":0,"cut":false,"hidden":false,"merged":[]}

{"sheet":"Sheet3","index":2,"n_rows":0,"n_cols":0,"rows_kept":0,"cut":false,"hidden":false,"merged":[]}